<?xml version="1.0" encoding="UTF-8"?>
<record
    xmlns:xsi="http://www.w3.org/2001/XMLSchema-instance"
    xsi:schemaLocation="http://www.loc.gov/MARC21/slim http://www.loc.gov/standards/marcxml/schema/MARC21slim.xsd"
    xmlns="http://www.loc.gov/MARC21/slim">

  <leader>00621nam a22001817a 4500</leader>
  <controlfield tag="003">UA-OsUOA</controlfield>
  <controlfield tag="001"> 8262 </controlfield>
  <controlfield tag="007">ta</controlfield>
  <controlfield tag="008">20040902b un ||||| |||| 00| 0 ukr d</controlfield>
  <datafield tag="100" ind1=" " ind2=" ">
    <subfield code="a">&#x426;&#x438;&#x43C;&#x431;&#x430;&#x43B;&#x44E;&#x43A; &#x404;.</subfield>
  </datafield>
  <datafield tag="942" ind1=" " ind2=" ">
    <subfield code="c">SA</subfield>
  </datafield>
  <datafield tag="040" ind1=" " ind2=" ">
    <subfield code="a">UA-OsUOA</subfield>
    <subfield code="c">UA-OsUOA</subfield>
    <subfield code="d">UA-OsUOA</subfield>
  </datafield>
  <datafield tag="245" ind1=" " ind2=" ">
    <subfield code="a">&#x41A;&#x440;&#x443;&#x433; &#x43C;&#x456;&#x441;&#x442;&#x435;&#x447;&#x43A;&#x430; &#x411;&#x435;&#x440;&#x435;&#x441;&#x442;&#x435;&#x447;&#x43A;&#x430;</subfield>
    <subfield code="b">[&#x41F;&#x440;&#x43E; &#x432;&#x438;&#x441;&#x442;&#x432;&#x43A;&#x443; &#x440;&#x456;&#x432;&#x43D;&#x435;&#x43D;. &#x444;&#x43E;&#x442;&#x43E;&#x445;&#x443;&#x434;&#x43E;&#x436;. &#x410;.&#x41C;&#x456;&#x437;&#x435;&#x440;&#x43D;&#x43E;&#x433;&#x43E; "&#x41A;&#x440;&#x443;&#x433; &#x43C;&#x456;&#x441;&#x442;&#x435;&#x447;&#x43A;&#x430; &#x411;&#x435;&#x440;&#x435;&#x441;&#x442;&#x435;&#x447;&#x43A;&#x430;]</subfield>
  </datafield>
  <datafield tag="300" ind1=" " ind2=" ">
    <subfield code="a">&#x421;.6</subfield>
  </datafield>
  <datafield tag="955" ind1=" " ind2=" ">
    <subfield code="a">0</subfield>
  </datafield>
  <datafield tag="773" ind1="0" ind2=" ">
    <subfield code="w">0</subfield>
    <subfield code="t">&#x412;&#x456;&#x43B;&#x44C;&#x43D;&#x435; &#x441;&#x43B;&#x43E;&#x432;&#x43E;</subfield>
    <subfield code="d">&#x420;&#x456;&#x432;&#x43D;&#x435;</subfield>
    <subfield code="d">2004</subfield>
    <subfield code="g">&#x2116;65/1 &#x432;&#x435;&#x440;&#x435;&#x441;./</subfield>
  </datafield>
  <datafield tag="650" ind1=" " ind2="7">
    <subfield code="a">&#x41C;&#x456;&#x437;&#x435;&#x440;&#x43D;&#x438;&#x439; &#x410;.</subfield>
    <subfield code="2">UDC</subfield>
  </datafield>
  <datafield tag="999" ind1=" " ind2=" ">
    <subfield code="c">294423</subfield>
    <subfield code="d">294423</subfield>
  </datafield>
</record>
